Colours of the Rainbow in 67 seconds - Statistics

General Stats
  • This quiz has been taken 69 times
  • The average score is 7 of 7
Answer Stats
Answer % Correct
Orange
100%
Red
100%
Yellow
100%
Blue
98%
Green
98%
Violet
89%
Indigo
83%
No matching quizzes found
Score Distribution
Percent of People with Each Score
Percentile by Number Answered
Your Score History
You have not taken this quiz